組立単位クイズ - Statistics

General Stats
  • This quiz has been taken 13 times
  • The average score is 11 of 20
Answer Stats
Hint Answer % Correct
kg m s^(-2) N
100%
s^(-1) Hz
91%
kg m^(-1) s^(-2) Pa
91%
A s C
82%
kg m^2 s^(-2) J
82%
kg m^2 s^(-3) A^(-1) V
82%
kg m^2 s^(-3) W
82%
K
73%
kg m^2 s^(-3) A^(-2) Ω
55%
kg^(-1) m^(-2) s^4 A^2 F
55%
kg m^2 s^(-2) A^(-2) H
45%
cd m^(-2) lx
45%
s^(-1) Bq
36%
m^2 s^(-2) Gy
36%
cd lm
36%
m^2 s^(-2) Sv
36%
kg s^(-2) A^(-1) T
36%
kg m^2 s^(-2) A^(-1) Wb
36%
kg^(-1) m^(-2) s^3 A^2 S
27%
mol s^(-1) kat
18%
No matching quizzes found
Score Distribution
Percent of People with Each Score
Percentile by Number Answered
Your Score History
You have not taken this quiz